Normale Ansicht MARC-Ansicht ISBD

Zwischen Krisen und Zukunftsprojekten - das Jahr 2022 in Frankfurt von A bis Z. (Titelsatznr. 372064)

[ MARC ]
MARC-Details
000 -Satzkennung
Kontrollfeld mit fester Länge 00797nam a22001817a 4500
008 - Feld mit fester Länge zur physischen Beschreibung - Allgemeine Angaben
Kontrollfeld mit fester Länge 201127b ||||| |||| 00| 0 eng d
040 ## - Katalogisierungsquelle
Original-Katalogisierungsstelle DE-2950
Katalogisierungssprache ger
Übertragungsstelle DE-2950
Beschreibungsfestlegungen rda
041 ## - Sprachcode
Sprachcode des Textes/der Tonspur oder des separaten Titels ger
245 ## - Titel
Haupttitel Zwischen Krisen und Zukunftsprojekten - das Jahr 2022 in Frankfurt von A bis Z.
Titelzusatz Fazit. In wenigen Stunden heißt es auch in Frankfurt (Oder) und Slubice Abschied nehmen von 2022. Das zu Ende gehende Jahr war geprägt von zahlreichen Krisen und viel Unsicherheit ...
264 ## - Veröffentlichungsangabe, Vertriebsangabe, Herstellungsangabe
Erscheinungs-, Vertriebs-, Herstellungsdatum 2022
653 ## - Lokales Schlagwort
Nicht-normierter Term Frankfurt (Oder)
653 ## - Lokales Schlagwort
Nicht-normierter Term Rückblick 2022
773 ## - Übergeordnete Einheit
Ort, Verlag und Erscheinungsjahr Frankfurt (Oder) Märkisches Verlags- und Druckhaus GmbH & Co KG
Titel Märkische Oderzeitung
Verknüpfungsangaben 33. Jahrgang (2022) Nr. 304 vom 30.12.2022, S. 16
942 ## - Zusätzliche Felder (Koha)
Koha-Medientyp Aufsätze
Exemplare
Ausgeschieden Verloren Beschädigt Nicht entleihbar Permanenter Standort Aktueller Standort Aufstellungsort Eingabedatum Anzahl Ausleihen Signatur Letzte Aktivität Preis gültig von Medientyp
        Stadtarchiv Frankfurt (Oder) | Archivbibliothek Stadtarchiv Frankfurt (Oder) | Archivbibliothek Magazin 02/01/2023   Z2 02/01/2023 02/01/2023 Aufsätze